[Event "POL-ChT3"]
[Site "Lazy POL"]
[Date "2012.09.01"]
[Round "1"]
[White "Polok, Kacper"]
[Black "Morkisz, Bogdan"]
[Result "1-0"]
[WhiteElo "2146"]
[BlackElo "2119"]
[EventDate "2012.09.01"]
[PlyCount "53"]

1.e4 e6 2.d3 d5 3.Nd2 Nf6 4.Ngf3 c5 5.g3 Nc6 6.Bg2 Be7 7.O-O Qc7 8.Re1 b6 
9.e5 Nd7 10.c4 d4 11.Ne4 Bb7 12.Bf4 h6 13.h4 O-O-O 14.a3 Rdg8 15.b4 g5 16.
hxg5 hxg5 17.Bxg5 Ndxe5 18.Nxe5 Nxe5 19.Bf4 f6 20.bxc5 Bxc5 21.Nxf6 Bxg2 
22.Kxg2 Qb7+ 23.Re4 Nxc4 24.Nxg8 Rxg8 25.Qb3 b5 26.Re1 Rg6 27.dxc4 1-0

[Event "POL-ChT3"]
[Site "Lazy POL"]
[Date "2012.09.01"]
[Round "1"]
[White "Pochcial, Jan"]
[Black "Wieczorek, Zbigniew"]
[Result "1/2-1/2"]
[WhiteElo "2094"]
[BlackElo "2307"]
[EventDate "2012.09.01"]
[PlyCount "115"]

1.e4 g6 2.d4 Bg7 3.f4 c5 4.Nf3 cxd4 5.Nxd4 Nc6 6.c3 d6 7.Be3 Nf6 8.Nd2 Ng4
9.Qf3 O-O 10.Bg1 Nxd4 11.cxd4 d5 12.e5 f6 13.h3 Nh6 14.exf6 Bxf6 15.g4 
Bh4+ 16.Kd1 Nf7 17.Bg2 e6 18.Qe2 Nd6 19.Be3 Bd7 20.Qd3 Ba4+ 21.b3 Bb5 22.
Qc3 Rc8 23.Qb2 Bg3 24.a4 Ba6 25.Bf1 Bxf4 26.Bxf4 Rxf4 27.Bxa6 bxa6 28.Re1 
Qf6 29.Rc1 Rxc1+ 30.Kxc1 Rf2 31.Qc3 Qf4 32.Qe3 Qxe3 33.Rxe3 Kf7 34.Nf3 Ne4
35.Ne5+ Kf6 36.h4 g5 37.h5 Ke7 38.Rf3 Rxf3 39.Nxf3 Kf6 40.Kc2 a5 41.Ne5 
Ke7 42.Kd3 Kf6 43.Ke3 Nc5 44.Nc6 Nxb3 45.Kd3 Nc1+ 46.Kd2 Na2 47.Nxa5 e5 
48.dxe5+ Kxe5 49.Nc6+ Kf4 50.Nxa7 Nb4 51.Kc3 Na6 52.Nc6 Kxg4 53.Kd4 Kxh5 
54.Kxd5 g4 55.Ke4 Nc5+ 56.Kf5 Nxa4 57.Ne5 Nc5 58.Nxg4 1/2-1/2

[Event "POL-ChT3"]
[Site "Lazy POL"]
[Date "2012.09.01"]
[Round "1"]
[White "Cherednichenko, Elena"]
[Black "Olbrich, Mariola"]
[Result "1-0"]
[WhiteElo "2160"]
[BlackElo "1680"]
[EventDate "2012.09.01"]
[PlyCount "87"]

1.d4 d5 2.Nf3 Nf6 3.e3 e6 4.Bd3 Be7 5.Nbd2 Nbd7 6.b3 O-O 7.Bb2 a5 8.a4 b6 
9.Ne5 Nxe5 10.dxe5 Nd7 11.O-O Ba6 12.c4 Nc5 13.Bc2 dxc4 14.bxc4 Nd3 15.Bd4
Nc5 16.f4 g6 17.Rf3 Qe8 18.Rg3 Rd8 19.Qg4 Bc8 20.Qh5 Kh8 21.Qh6 Rg8 22.Rh3
Rg7 23.Nf1 Qg8 24.Ng3 Rf8 25.Bxc5 bxc5 26.Ne4 f5 27.exf6 Bxf6 28.Nxf6 Rxf6
29.Qg5 Qf8 30.Qe5 Kg8 31.Rb1 Ba6 32.Qc3 Rd7 33.Rf3 Qg7 34.Qxa5 Bxc4 35.
Qxc5 Bd3 36.Rf2 Bxc2 37.Rxc2 Rf8 38.a5 Ra8 39.Qc6 Rad8 40.Qxe6+ Qf7 41.
Qxf7+ Kxf7 42.Rb7 Rd1+ 43.Kf2 Ra1 44.Rbxc7+ 1-0

[Event "POL-ChT3"]
[Site "Lazy POL"]
[Date "2012.09.01"]
[Round "1"]
[White "Stachanczyk, Jacek"]
[Black "Rawicz, Karol"]
[Result "1/2-1/2"]
[WhiteElo "2247"]
[BlackElo "2250"]
[EventDate "2012.09.01"]

1.e4 c5 2.Nf3 Nc6 3.d4 cxd4 4.Nxd4 g6 5.Nc3 Bg7 6.Be3 Nf6 7.Bc4 O-O 8.Bb3 
d6 9.h3 Na5 10.O-O b6 11.Qd3 Bb7 12.Nd5 Nxb3 13.Nxf6+ Bxf6 14.axb3 d5 15.
Nb5 a6 16.Na3 b5 17.exd5 Qxd5 18.Qxd5 Bxd5 19.Rfd1 Bxb2 20.Ra2 Bxa3 21.
Rxa3 Rfd8 22.Bb6 Rd7 23.c4 bxc4 24.bxc4 Bc6 25.Rxd7 Bxd7 26.f3 f6 27.Kf2 
Kf7 28.Ke3 e5 29.f4 exf4+ 30.Kxf4 Bc6 31.Ra2 Re8 32.Rxa6 Re4+ 33.Kg3 Rxc4 
34.Ra2 g5 35.Be3 Rc3 36.Kf2 h5 37.Bd4 Rd3 38.Ra6 Rxd4 39.Rxc6 Rd2+ 40.Kf3 
Rd3+ 41.Ke2 Ra3 42.Rb6 Kg6 43.Rb5 g4 44.hxg4 hxg4 45.Kf2 g3+ 46.Ke2 f5 47.
Rb8 Kg5 48.Rc8 Kf4 49.Rc4+ Kg5 50.Rc8 Kg4 51.Rb8 Ra2+ 52.Kf1 Rf2+ 53.Kg1 
Rd2 54.Kf1 Kf4 55.Rb3 Rf2+ 56.Kg1 Re2 57.Kf1 Re3 58.Rb4+ Re4 59.Rb3 Rc4 
60.Rb1 Ke4 1/2-1/2

[Event "POL-ChT3"]
[Site "Lazy POL"]
[Date "2012.09.01"]
[Round "1"]
[White "Muc, Marcin"]
[Black "Gumula, Daniel"]
[Result "1/2-1/2"]
[WhiteElo "2165"]
[BlackElo "2273"]
[EventDate "2012.09.01"]

1.d4 g6 2.Nf3 Bg7 3.g3 c5 4.d5 f5 5.Bg2 Nf6 6.O-O d6 7.c4 O-O 8.Nc3 Nbd7 
9.Re1 Ng4 10.Ng5 Nb6 11.Ne6 Bxe6 12.dxe6 Nxc4 13.h3 Nf6 14.Rb1 Qa5 15.Bxb7
Rab8 16.Bg2 Rfd8 17.Kf1 d5 18.Qc2 Ne4 19.Nxe4 fxe4 20.Bxe4 Qxa2 21.b3 Qxc2
22.Bxc2 Nd6 23.Ba3 Rdc8 24.Bd3 Bc3 25.Red1 Rc6 26.Bc2 d4 27.Bd3 Kg7 28.
Rdc1 a5 29.e3 Kf6 30.exd4 Bxd4 31.Re1 Nb5 32.Bc1 Nc3 33.Ra1 a4 34.bxa4 c4 
35.Bc2 Rxe6 36.Bg5+ Kf7 37.Rxe6 Kxe6 38.Re1+ Kd5 39.Rxe7 Bc5 40.Rd7+ Kc6 
41.Rd2 Rb4 42.a5 Kb5 43.Bd8 Rb2 44.Bf6 Kb4 45.Re2 Ra2 46.Bxc3+ Kxc3 47.Be4
Rxa5 48.h4 Bd4 49.f4 1/2-1/2

[Event "POL-ChT3"]
[Site "Lazy POL"]
[Date "2012.09.01"]
[Round "1"]
[White "Tokarski, Lukasz"]
[Black "Fistek, Dariusz"]
[Result "1-0"]
[WhiteElo "2278"]
[BlackElo "2242"]
[EventDate "2012.09.01"]

1.e4 c5 2.Nf3 d6 3.d4 cxd4 4.Nxd4 Nf6 5.Nc3 Nc6 6.Bg5 e6 7.Qd2 a6 8.O-O-O 
Bd7 9.f4 b5 10.Bxf6 gxf6 11.Kb1 Qb6 12.Nce2 b4 13.f5 e5 14.Nf3 a5 15.Ng3 
h5 16.Bc4 Rc8 17.Qe2 a4 18.Bb5 Na5 19.Rd5 Rc5 20.Bxd7+ Kxd7 21.Rhd1 Nc4 
22.Rxc5 Qxc5 23.Rd5 Qc6 24.Nd2 Nxd2+ 25.Qxd2 h4 26.Nf1 Qc4 27.Ne3 Qxe4 1-0

[Event "POL-ChT3"]
[Site "Lazy POL"]
[Date "2012.09.01"]
[Round "1"]
[White "Lusio, Daniel"]
[Black "Kolosowski, Pawel"]
[Result "0-1"]
[WhiteElo "1861"]
[BlackElo "2280"]
[EventDate "2012.09.01"]

1.e4 e5 2.Nf3 Nc6 3.Bc4 Nf6 4.d3 Bc5 5.O-O d6 6.h3 a6 7.Nc3 Na5 8.Bb3 Nxb3
9.axb3 c6 10.Be3 Bxe3 11.fxe3 O-O 12.Qe2 Qe7 13.Qf2 d5 14.exd5 cxd5 15.d4 
e4 16.Nh4 Qc7 17.Rac1 Rd8 18.Ne2 b5 19.Nf5 Bxf5 20.Qxf5 Rac8 21.Rf2 Qd7 
22.Qg5 Rc6 23.Ng3 h6 24.Qf5 Qc7 25.Qf4 Qxf4 26.Rxf4 Rdc8 27.c3 b4 28.Ne2 
bxc3 29.bxc3 Rb8 30.b4 a5 31.bxa5 Rb5 32.a6 Ra5 33.Rf2 Raxa6 34.Ng3 Ra3 
35.Rfc2 g6 36.Kf2 Ra4 37.Ne2 Nd7 38.Rb1 Rb6 39.Rcb2 Raa6 40.Nf4 Rxb2+ 41.
Rxb2 Rb6 42.Rc2 Nf6 43.Ne2 Rc6 44.Nc1 Nd7 45.Nb3 Nb6 46.Na5 Rc8 47.Rb2 Na4
48.Rb5 Nxc3 49.Rc5 Rxc5 50.dxc5 Kf8 51.Nb3 Ke7 52.Nd4 Kd7 53.Kg3 Na4 54.
c6+ Kd6 55.Kf4 Nc5 56.g4 Ne6+ 0-1

[Event "POL-ChT3"]
[Site "Lazy POL"]
[Date "2012.09.01"]
[Round "1"]
[White "Siedlinski, Piotr"]
[Black "Wozny, Tomasz"]
[Result "1-0"]
[WhiteElo "2092"]
[BlackElo "1783"]
[EventDate "2012.09.01"]

1.e4 d5 2.exd5 Qxd5 3.Nc3 Qa5 4.d4 Nf6 5.Nf3 c6 6.Bc4 Bf5 7.O-O e6 8.Re1 
Be7 9.Bd2 Qc7 10.Ne2 Bd6 11.Ng3 Bg6 12.Bb3 Nbd7 13.c4 O-O 14.Nh4 Rad8 15.
Nxg6 hxg6 16.Qf3 c5 17.Be3 cxd4 18.Bxd4 Be5 19.Bxe5 Nxe5 20.Qf4 Nfg4 21.h3
g5 22.Qxg5 Qc5 23.Ne4 1-0

[Event "POL-ChT3"]
[Site "Lazy POL"]
[Date "2012.09.01"]
[Round "1"]
[White "Sygulska, Anna"]
[Black "Guzik, Jolanta"]
[Result "1/2-1/2"]
[WhiteElo "1898"]
[BlackElo "2139"]
[EventDate "2012.09.01"]

1.c4 c5 2.Nc3 Nc6 3.g3 g6 4.Bg2 Bg7 5.e3 e5 6.Nge2 Nge7 7.O-O d6 8.d3 Be6 
9.e4 Qd7 10.Be3 Nd4 11.Bxd4 cxd4 12.Nb1 O-O 13.a4 f5 14.Nd2 a5 15.Qb3 Nc6 
16.Rae1 Nb4 17.Nc1 f4 18.Na2 Na6 19.Qc2 Nc5 20.b3 h5 21.Nc1 Bh6 22.Nf3 Bg4
23.Nd2 f3 24.Bh1 Bh3 25.Nxf3 Bxf1 26.Rxf1 Rxf3 27.Na2 Raf8 28.Nc1 Be3 29.
Bxf3 Bh6 30.Be2 g5 1/2-1/2

[Event "POL-ChT3"]
[Site "Lazy POL"]
[Date "2012.09.01"]
[Round "1"]
[White "Banasik, Krzysztof"]
[Black "Krogulski, Grzegorz"]
[Result "1/2-1/2"]
[WhiteElo "2284"]
[BlackElo "2387"]
[EventDate "2012.09.01"]

1.e4 c5 2.Nf3 Nc6 3.Bb5 a6 4.Bxc6 dxc6 5.h3 g6 6.d3 Bg7 7.O-O Nf6 8.Nc3 
O-O 9.Be3 b6 10.Qd2 Re8 11.a3 a5 12.Na4 Ba6 13.Rab1 Qc7 14.Rfd1 Red8 15.
Qe1 Nd7 16.b3 Rab8 17.c4 Nf8 18.b4 axb4 19.axb4 cxb4 20.Qxb4 c5 21.Qb3 Nd7
22.Nc3 e6 23.Bg5 Re8 24.Bc1 Rbd8 25.Bg5 Rc8 26.Bc1 1/2-1/2

[Event "POL-ChT3"]
[Site "Lazy POL"]
[Date "2012.09.01"]
[Round "1"]
[White "Sygulski, Boguslaw"]
[Black "Tustanowski, Robert"]
[Result "1/2-1/2"]
[WhiteElo "2254"]
[BlackElo "2304"]
[EventDate "2012.09.01"]

1.e4 e5 2.Nf3 Nc6 3.Bb5 f5 4.Nc3 fxe4 5.Nxe4 Nf6 6.Nxf6+ Qxf6 7.O-O Nd4 8.
Nxd4 exd4 9.Re1+ Kd8 10.Bf1 Bc5 11.d3 Rf8 12.Re2 d5 13.Qe1 Bd6 14.Bd2 Bf5 
15.f3 Kd7 16.Qf2 Rae8 17.Rae1 g5 18.Rxe8 Rxe8 19.Rxe8 Kxe8 20.g3 Kf7 21.
Be2 c5 22.Qf1 Kg6 23.b3 Qe7 24.Kf2 h5 25.g4 Bd7 26.gxh5+ Kxh5 27.f4+ g4 
28.Qh3+ Qh4+ 29.Qxh4+ Kxh4 30.Kg2 b6 31.Be1+ Kh5 32.Bg3 Kh6 33.f5 Bxg3 34.
Kxg3 Bxf5 35.Bxg4 Kg5 36.h4+ Kf6 37.Kf4 Bg6 38.h5 Bh7 39.h6 c4 40.Be2 c3 
41.b4 1/2-1/2

[Event "POL-ChT3"]
[Site "Lazy POL"]
[Date "2012.09.01"]
[Round "1"]
[White "Dubas, Leszek"]
[Black "Olszynski, Kazimierz"]
[Result "0-1"]
[WhiteElo "2164"]
[BlackElo "2185"]
[EventDate "2012.09.01"]

1.e4 g6 2.d4 Bg7 3.c3 d6 4.f4 e6 5.Nf3 Ne7 6.Be3 Nd7 7.Nbd2 O-O 8.Bd3 f5 
9.Ng5 Nf6 10.Qb3 fxe4 11.Ndxe4 Nfd5 12.Bd2 h6 13.Nh3 Kh8 14.O-O-O a5 15.c4
Nb4 16.Bb1 d5 17.Nef2 dxc4 18.Qxc4 Ra6 19.Bxb4 axb4 20.Qxb4 Rb6 21.Qd2 Qd5
22.Ne4 Rd8 23.Nc3 Rc6 24.Nf2 Qa5 25.Be4 Rxd4 26.Qc2 Nd5 0-1

[Event "POL-ChT3"]
[Site "Lazy POL"]
[Date "2012.09.01"]
[Round "1"]
[White "Szczesniak, Konrad"]
[Black "Augustyn, Sebastian"]
[Result "1/2-1/2"]
[WhiteElo "2171"]
[BlackElo "2109"]
[EventDate "2012.09.01"]

1.d4 Nf6 2.c4 e5 3.dxe5 Ng4 4.Bf4 Nc6 5.Nf3 Bb4+ 6.Nbd2 Qe7 7.e3 Ngxe5 8.
Be2 Nxf3+ 9.Bxf3 Ne5 10.Bxe5 Qxe5 11.a3 Be7 12.Qb3 O-O 13.O-O d6 14.Ne4 
Rb8 15.Rfd1 Be6 16.Qb5 f5 17.Nc3 c6 18.Qa4 a6 19.Ne2 g5 20.Nd4 Bd7 21.g3 
f4 22.exf4 gxf4 23.Bg2 fxg3 24.hxg3 Bg4 25.Rd3 Rf7 26.Rf1 Rbf8 27.c5 Bc8 
28.cxd6 Bxd6 29.b4 Bc7 30.Qb3 Bb6 31.Qd1 Kh8 32.Qa1 Rd7 33.Rfd1 Rfd8 34.
Re3 Qg7 35.Rde1 Qxd4 36.Qa2 Qf6 37.Re8+ Rxe8 38.Rxe8+ Kg7 39.Rxc8 Rd1+ 40.
Bf1 Rd8 41.Rxd8 Qxd8 42.Bc4 Qd4 43.Qe2 Qf6 44.Kg2 Bd4 45.Bd3 h6 46.Qg4+ 
Kf7 47.Qd7+ Kf8 48.Qc8+ Ke7 49.Qxb7+ Kd6 50.Qb8+ Kd5 51.f3 c5 52.Qb7+ Kd6 
53.Qxa6+ Kc7 54.Qa7+ Kd6 55.Qb6+ Kd5 56.Qb7+ Kd6 1/2-1/2

[Event "POL-ChT3"]
[Site "Lazy POL"]
[Date "2012.09.01"]
[Round "1"]
[White "Jalowiec, Halina"]
[Black "Buksa, Ewelina"]
[Result "1-0"]
[WhiteElo "2046"]
[BlackElo "1533"]
[EventDate "2012.09.01"]

1.e4 e5 2.Nf3 d6 3.d4 Nd7 4.Bc4 Be7 5.dxe5 Nxe5 6.Nxe5 dxe5 7.Qh5 g6 8.
Qxe5 Nf6 9.Bh6 Qd6 10.Qxd6 cxd6 11.Nc3 Be6 12.Bb5+ Bd7 13.f3 O-O-O 14.
O-O-O a6 15.Bxd7+ Rxd7 16.Nd5 Nxd5 17.Rxd5 Rhd8 18.Rhd1 f6 19.Be3 Bf8 20.
Bd4 Be7 21.Bb6 Re8 22.R1d3 Kb8 23.Bc5 Kc7 24.Bb4 Bf8 25.c4 b6 26.Bc3 Be7 
27.Kc2 Red8 28.Bd2 Kc6 29.b4 Kb7 30.Bf4 1-0

[Event "POL-ChT3"]
[Site "Lazy POL"]
[Date "2012.09.01"]
[Round "1"]
[White "Kalinin, Oleg"]
[Black "Jurkiewicz, Krzysztof"]
[Result "1/2-1/2"]
[WhiteElo "2336"]
[BlackElo "2314"]
[EventDate "2012.09.01"]

1.d4 Nf6 2.Nf3 e6 3.c4 Bb4+ 4.Bd2 Qe7 5.g3 O-O 6.Bg2 Bxd2+ 7.Nbxd2 d6 8.
Nf1 c6 9.Ne3 e5 10.Qb3 Ng4 11.O-O Na6 12.Nxg4 Bxg4 13.e3 Rab8 14.Nd2 Be6 
15.Qc3 f6 16.b4 Nc7 17.a4 exd4 18.exd4 d5 19.c5 Qd7 20.Rfe1 Rfe8 21.Re3 
Bh3 22.Rae1 Bxg2 23.Kxg2 Rxe3 24.Rxe3 Re8 25.Nb3 Rxe3 26.Qxe3 Kf7 27.Qd3 
g6 28.Na5 Ne6 29.b5 Ng5 30.h4 Ne6 31.Nb3 Ng7 32.Nd2 Qg4 33.Nf3 Ne6 34.Kh2 
Qe4 35.Qd1 Ke7 36.bxc6 bxc6 37.Qb3 Kd7 38.Qb7+ Nc7 39.Qb3 Ne6 40.Qb7+ 
1/2-1/2

[Event "POL-ChT3"]
[Site "Lazy POL"]
[Date "2012.09.01"]
[Round "1"]
[White "Zielinski, Maciej"]
[Black "Walach, Marcin"]
[Result "1/2-1/2"]
[WhiteElo "2073"]
[BlackElo "2349"]
[EventDate "2012.09.01"]

1.e4 e5 2.Nf3 Nc6 3.Bc4 Nf6 4.d3 Bc5 5.c3 a6 6.Bb3 Ba7 7.O-O d6 8.Nbd2 O-O
9.Nc4 Ne7 10.Bc2 b5 11.Ne3 Ng4 12.d4 Nxe3 13.Bxe3 Ng6 14.dxe5 Bxe3 15.fxe3
Nxe5 16.Nxe5 dxe5 17.Qxd8 Rxd8 18.Bb3 Be6 19.Bxe6 fxe6 20.Rfd1 Kf7 21.Kf2 
Rxd1 22.Rxd1 Ke7 23.Ke2 c5 24.Ra1 Rb8 25.Rc1 Rc8 26.Kd2 Rf8 27.Ke2 1/2-1/2

[Event "POL-ChT3"]
[Site "Lazy POL"]
[Date "2012.09.01"]
[Round "1"]
[White "Kornasiewicz, Stanislaw"]
[Black "Zielinski, Stanislaw"]
[Result "1/2-1/2"]
[WhiteElo "2214"]
[BlackElo "2133"]
[EventDate "2012.09.01"]

1.e4 e5 2.Nf3 Nc6 3.Bb5 a6 4.Ba4 Nf6 5.d3 b5 6.Bb3 Be7 7.c3 O-O 8.O-O d6 
9.h3 Bb7 10.Re1 Re8 11.Nbd2 h6 12.Nf1 Bf8 13.Ng3 Na5 14.Bc2 c5 15.Nf5 d5 
16.Ng3 dxe4 17.dxe4 Qc7 18.Qe2 Nc4 19.a4 Nb6 20.axb5 axb5 21.Rxa8 Rxa8 22.
Nh4 Ra1 23.Be3 Rxe1+ 24.Qxe1 Nc4 25.Bc1 Qa5 26.Bd3 Nd6 27.Nhf5 Nxf5 28.
Nxf5 c4 29.Bc2 Qa1 30.f3 g6 31.Ne3 Nh5 32.Kh2 Nf4 33.Qd2 Ne2 34.Qxe2 Qxc1 
35.Bd1 Bc5 36.Nf1 Ba6 37.Qc2 Qf4+ 38.g3 Qg5 39.Be2 h5 40.h4 Qd8 41.Bd1 Qd7
42.Qd2 Qxd2+ 43.Nxd2 Be3 44.Nb1 Bc1 45.b3 cxb3 46.Bxb3 Bb7 47.Kg2 Kg7 48.
Kf2 f5 49.Bc2 Kf6 50.Ke2 Bc6 51.Nd2 Ba3 52.Nf1 Bd6 53.Bd3 Be7 54.Ne3 f4 
55.gxf4 exf4 56.Nd5+ Bxd5 57.exd5 b4 58.cxb4 Bxb4 59.Kf2 g5 60.hxg5+ Kxg5 
1/2-1/2

[Event "POL-ChT3"]
[Site "Lazy POL"]
[Date "2012.09.01"]
[Round "1"]
[White "Bugalski, Michal"]
[Black "Osipow, Nikolaj"]
[Result "0-1"]
[WhiteElo "2183"]
[BlackElo "2179"]
[EventDate "2012.09.01"]

1.d4 d5 2.c4 e6 3.Nf3 Nf6 4.g3 Be7 5.Bg2 O-O 6.O-O dxc4 7.Qc2 a6 8.Qxc4 b5
9.Qc2 Bb7 10.Bf4 Nc6 11.Nbd2 Nxd4 12.Nxd4 Bxg2 13.Nxe6 fxe6 14.Kxg2 Nd5 
15.Be5 c5 16.Nf3 Ra7 17.a4 Rd7 18.Qe4 Qb6 19.axb5 axb5 20.h4 Qc6 21.Kg1 
Qb6 22.b3 Bf6 23.Ng5 Bxg5 24.hxg5 Ne7 25.e3 Qc6 26.Qg4 Ng6 27.Bb2 Rd2 28.
Rab1 c4 29.bxc4 bxc4 30.Bd4 e5 31.Rb6 Qc8 32.Qxc8 Rxc8 33.Rb2 Rd3 34.Bb6 
Rb8 35.Rc1 c3 36.Rb3 Kf7 37.e4 Ne7 38.Rbb1 Nc6 39.Kf1 Nd4 40.Bxd4 Rxb1 41.
Rxb1 exd4 42.Ke1 Kg6 43.Rb6+ Kxg5 44.Rc6 Kg4 45.Rc7 g5 46.Rc8 h5 47.Rc7 h4
0-1

[Event "POL-ChT3"]
[Site "Lazy POL"]
[Date "2012.09.01"]
[Round "1"]
[White "Knopik, Krzysztof"]
[Black "Zielinski, Wojciech"]
[Result "0-1"]
[WhiteElo "2127"]
[BlackElo "2097"]
[EventDate "2012.09.01"]

1.e4 e6 2.Nf3 d5 3.Nc3 d4 4.Ne2 c5 5.c3 dxc3 6.bxc3 Nf6 7.Ng3 Nc6 8.Bc4 a6
9.a4 Na5 10.Ba2 Bd7 11.O-O c4 12.Ne5 Qc7 13.f4 Bd6 14.d4 cxd3 15.Nxd3 Be7 
16.e5 Nd5 17.Bxd5 exd5 18.f5 g6 19.Nf4 Bc6 20.Be3 Nc4 21.Bd4 O-O-O 22.e6 
Bd6 23.Bxh8 Rxh8 24.Qc1 Bc5+ 25.Kh1 Be3 0-1

[Event "POL-ChT3"]
[Site "Lazy POL"]
[Date "2012.09.01"]
[Round "1"]
[White "Jurkiewicz, Joanna"]
[Black "Gonsior, Monika"]
[Result "1/2-1/2"]
[WhiteElo "1814"]
[BlackElo "2028"]
[EventDate "2012.09.01"]

1.e4 e5 2.Nf3 Nc6 3.Bc4 Bc5 4.c3 Nf6 5.d4 exd4 6.cxd4 Bb6 7.Nc3 d6 8.h3 h6
9.O-O O-O 10.e5 dxe5 11.dxe5 Nh7 12.Na4 Qe7 13.Nxb6 axb6 14.Re1 Rd8 15.Qe2
Nf8 16.a3 Be6 17.Bxe6 Qxe6 18.Bd2 Ng6 19.Rad1 Rd5 20.Bc3 Re8 21.Rxd5 Qxd5 
22.Qe4 Qxe4 23.Rxe4 f6 24.e6 Nf8 25.Nd4 Nxd4 26.Rxd4 Rxe6 27.Kf1 Kf7 28.
Rd1 Ke7 29.Bb4+ c5 30.Bc3 Nd7 31.Rd3 Nb8 32.Rg3 g5 33.h4 Kf7 34.hxg5 hxg5 
35.Rh3 Kg7 36.Rg3 Kg6 37.f4 Nc6 38.fxg5 fxg5 39.Rd3 b5 40.Rd5 b4 41.axb4 
cxb4 42.Bd2 Rf6+ 43.Ke2 Rf5 44.Rxf5 Kxf5 45.Kf2 Kg4 46.Kf1 Kf5 47.Ke2 Kg4 
48.Kf1 1/2-1/2

[Event "POL-ChT3"]
[Site "Lazy POL"]
[Date "2012.09.01"]
[Round "1"]
[White "Staroszczyk, Mateusz"]
[Black "Musialkiewicz, Jan"]
[Result "0-1"]
[WhiteElo "2024"]
[BlackElo "2224"]
[EventDate "2012.09.01"]

1.e4 c5 2.Nc3 d6 3.g3 g6 4.Bg2 Bg7 5.d3 Nc6 6.Be3 Rb8 7.Qd2 b5 8.f4 b4 9.
Nd1 Qb6 10.Nf3 Nh6 11.h3 f5 12.O-O Nf7 13.exf5 gxf5 14.Ng5 Nxg5 15.fxg5 
O-O 16.g4 Ne5 17.d4 cxd4 18.Bxd4 Qxd4+ 19.Qxd4 Nf3+ 20.Bxf3 Bxd4+ 21.Kg2 
fxg4 22.hxg4 Rb5 23.c3 bxc3 24.bxc3 Bb6 25.Kg3 Rxg5 26.Nf2 Bxf2+ 27.Rxf2 
Bxg4 28.Kh4 h6 29.Raf1 Rxf3 30.Rxf3 Bxf3 31.Rxf3 Ra5 32.Rf2 Ra3 33.Rc2 Kg7
34.Kh5 Ra5+ 35.Kh4 Kf6 36.Rf2+ Ke6 0-1

[Event "POL-ChT3"]
[Site "Lazy POL"]
[Date "2012.09.01"]
[Round "1"]
[White "Bardeli, Lukasz"]
[Black "Krasiewicz, Robert"]
[Result "1-0"]
[WhiteElo "2287"]
[BlackElo "2033"]
[EventDate "2012.09.01"]

1.Nf3 f5 2.c4 Nf6 3.g3 g6 4.d4 Bg7 5.Bg2 d6 6.O-O O-O 7.Nc3 Qe8 8.d5 Na6 
9.Nd4 Bd7 10.Rb1 c6 11.b4 Nc7 12.dxc6 bxc6 13.b5 c5 14.Nc6 Qf7 15.Qa4 e6 
16.Qa5 Bxc6 17.Bxc6 Rab8 18.Qxa7 Nh5 19.Bd2 Be5 1-0

[Event "POL-ChT3"]
[Site "Lazy POL"]
[Date "2012.09.01"]
[Round "1"]
[White "Maciaga, Marcin"]
[Black "Banach, Wieslaw"]
[Result "1-0"]
[WhiteElo "2197"]
[BlackElo "2086"]
[EventDate "2012.09.01"]

1.d4 Nf6 2.c4 g6 3.Nf3 Bg7 4.g3 O-O 5.Bg2 d5 6.cxd5 Nxd5 7.O-O c5 8.e4 Nf6
9.e5 Nd5 10.dxc5 Na6 11.a3 Nxc5 12.b4 Ne6 13.Bb2 Nec7 14.Qb3 b6 15.Rd1 Bb7
16.Nc3 e6 17.Ne4 Qe7 18.Nd6 Ne8 19.Nxb7 Qxb7 20.Ng5 Nec7 21.Qc4 h6 22.Ne4 
b5 23.Qc2 a5 24.bxa5 Rxa5 25.h4 Rfa8 26.h5 g5 27.Rab1 Ra4 28.Qe2 Qa7 29.
Nd6 b4 30.Bd4 Qa6 31.Qf3 f5 32.exf6 Qxd6 33.fxg7 bxa3 34.Qe4 e5 35.Qxe5 
Qxe5 36.Bxe5 a2 37.Rbc1 R8a5 38.Rxc7 a1=Q 1-0

[Event "POL-ChT3"]
[Site "Lazy POL"]
[Date "2012.09.01"]
[Round "1"]
[White "Nowak, Rafal"]
[Black "Sliwinski, Marcin"]
[Result "1-0"]
[WhiteElo "2054"]
[BlackElo "2108"]
[EventDate "2012.09.01"]

1.d4 f5 2.g4 d5 3.g5 Nc6 4.Nf3 g6 5.Bf4 Bg7 6.e3 a6 7.h4 Be6 8.Nbd2 Bf7 9.
Bg2 Qd7 10.Nb3 b6 11.a4 a5 12.Bf1 Nd8 13.Ne5 Qc8 14.Qf3 c6 15.Rc1 h6 16.
Bd3 Ne6 17.Nxc6 Kf8 18.Ne5 Be8 19.Rg1 hxg5 20.hxg5 Bxe5 21.Bxe5 Rh5 22.Bf4
Nxf4 23.exf4 Bxa4 24.Qxd5 e6 25.Qd6+ Ne7 26.Nd2 Qb8 27.Qxe6 Qxf4 28.Qf6+ 
Ke8 29.Kd1 Rd8 30.Re1 Rh7 31.Qxg6+ 1-0

[Event "POL-ChT3"]
[Site "Lazy POL"]
[Date "2012.09.01"]
[Round "1"]
[White "Moskwinski, Tadeusz"]
[Black "Kujawski, Jan"]
[Result "1/2-1/2"]
[WhiteElo "2078"]
[BlackElo "2106"]
[EventDate "2012.09.01"]

1.e4 d6 2.d4 Nf6 3.Nc3 g6 4.g3 Bg7 5.Bg2 O-O 6.Nge2 c6 7.O-O Nbd7 8.a4 e5 
9.h3 a6 10.a5 Re8 11.Re1 Nf8 12.Be3 Be6 13.Qd2 Bc4 14.g4 Bxe2 15.Rxe2 Ne6 
16.dxe5 dxe5 17.Bb6 Qe7 18.Rd1 Nd4 19.Bxd4 exd4 20.Na4 Rad8 21.Rde1 Qe5 
22.b3 h5 23.f4 Qb5 24.e5 d3 25.Re3 dxc2 26.Qxc2 Nd5 27.Bxd5 Qxd5 28.gxh5 
gxh5 29.Nc5 Qd4 30.Ne4 Re6 31.Ng5 Rh6 32.Qf5 Rf8 33.Kh2 Qc5 34.R1e2 Rg6 
35.Rd3 Bh6 36.Rg2 Bxg5 37.Rxg5 Qf2+ 38.Kh1 Qf1+ 39.Kh2 Qf2+ 40.Kh1 Qf1+ 
41.Kh2 1/2-1/2

[Event "POL-ChT3"]
[Site "Lazy POL"]
[Date "2012.09.01"]
[Round "1"]
[White "Golek, Jagoda"]
[Black "Andrzejewska, Anna"]
[Result "1/2-1/2"]
[WhiteElo "2061"]
[BlackElo "1990"]
[EventDate "2012.09.01"]

1.d4 d5 2.c4 e6 3.Nf3 c6 4.g3 Nf6 5.Bg2 Be7 6.O-O O-O 7.b3 Nbd7 8.Nbd2 b6 
9.Bb2 Bb7 10.Qc2 Rc8 11.Rac1 c5 12.e3 Qc7 13.Rfd1 Rfd8 14.Qb1 Qb8 15.h3 
Qa8 16.Ne5 Ne4 17.Nxe4 dxe4 18.Qc2 cxd4 19.Nxd7 Rxd7 20.Rxd4 Rxd4 21.Bxd4 
Rd8 22.Rd1 f6 23.Bc3 Rd3 24.Bf1 Rxd1 25.Qxd1 Qd8 26.Qc2 f5 27.b4 Qc7 28.
Qb2 Bd6 29.Qd2 e5 30.a3 f4 31.Qa2 Kh8 32.Qb2 Qe7 1/2-1/2

[Event "POL-ChT3"]
[Site "Lazy POL"]
[Date "2012.09.01"]
[Round "1"]
[White "Licznerski, Lukasz"]
[Black "Siwiec, Bartlomiej"]
[Result "1-0"]
[WhiteElo "2306"]
[BlackElo "2216"]
[EventDate "2012.09.01"]

1.e4 e5 2.Nf3 Nc6 3.Bb5 a6 4.Bxc6 dxc6 5.O-O Qd6 6.Na3 Be6 7.Qe2 f6 8.c3 
c5 9.Rd1 g5 10.d4 g4 11.Nh4 cxd4 12.cxd4 exd4 13.Nf5 Qe5 14.Nxd4 Bxa3 15.
bxa3 c5 16.Bf4 Qxf4 17.Nxe6 Qe5 18.Qxg4 Nh6 19.Qh3 Nf7 20.f4 1-0

[Event "POL-ChT3"]
[Site "Lazy POL"]
[Date "2012.09.01"]
[Round "1"]
[White "Brzezinski, Mateusz"]
[Black "Gralka, Julian"]
[Result "0-1"]
[WhiteElo "2108"]
[BlackElo "2231"]
[EventDate "2012.09.01"]

1.c4 e6 2.Nf3 Nf6 3.g3 d5 4.Bg2 Be7 5.d4 O-O 6.Nc3 c6 7.O-O Nbd7 8.Qc2 b6 
9.Rd1 Bb7 10.b3 Rc8 11.e4 c5 12.dxc5 dxc4 13.b4 bxc5 14.b5 Qc7 15.Bf4 e5 
16.Bc1 Rcd8 17.a4 Rfe8 18.Nd2 Nf8 19.Bh3 Rd4 20.b6 Qxb6 21.Rb1 Qc6 22.Nb5 
c3 23.Nxc3 Red8 24.Nb5 Rxe4 25.f3 Rb4 0-1

[Event "POL-ChT3"]
[Site "Lazy POL"]
[Date "2012.09.01"]
[Round "1"]
[White "Wozniak, Marcin"]
[Black "Kulczyk, Pawel"]
[Result "1-0"]
[WhiteElo "2215"]
[BlackElo "2080"]
[EventDate "2012.09.01"]

1.c4 c5 2.g3 Nc6 3.Bg2 Nf6 4.Nc3 e6 5.Nf3 d5 6.cxd5 Nxd5 7.O-O Be7 8.Nxd5 
Qxd5 9.d3 O-O 10.Be3 Qh5 11.Rc1 Nb4 12.a3 Nd5 13.Bxc5 Bxc5 14.Rxc5 b6 15.
Rc1 Bb7 16.Qd2 Nf6 17.Rc7 Rab8 18.Rfc1 Rfd8 19.Ng5 Bxg2 20.Kxg2 h6 21.Nf3 
a5 22.h3 Qd5 23.Qf4 Qb3 24.R1c2 Rf8 25.Qc4 Qxc4 26.R2xc4 Nd5 27.Ra7 Rfc8 
28.Ne5 f6 29.Nd7 b5 30.Rxc8+ Rxc8 31.e4 Rc7 32.Ra8+ Kf7 33.exd5 Rxd7 34.
dxe6+ Kxe6 35.Rxa5 b4 36.Ra6+ Ke5 37.axb4 Rxd3 38.Ra7 g6 39.Ra5+ Ke6 40.
Ra3 Rd5 41.Rb3 Rb5 42.Kf3 Kd5 43.g4 h5 44.gxh5 gxh5 45.Kf4 Kc4 46.Re3 Kxb4
47.Re6 Kc4 48.Rxf6 Rxb2 49.Kg5 Kd4 50.Kxh5 Ke5 51.Rf8 Rb7 52.h4 Rh7+ 53.
Kg5 Rg7+ 54.Kh6 Rg4 55.h5 Ke6 56.Kh7 Ke7 57.Rf3 Rh4 58.h6 Ke8 59.Kg7 Rg4+ 
60.Kh8 Rh4 61.h7 Ke7 62.Kg7 Rg4+ 63.Kh6 Rh4+ 64.Kg6 Ke8 65.Rf5 1-0

[Event "POL-ChT3"]
[Site "Lazy POL"]
[Date "2012.09.01"]
[Round "1"]
[White "Stoppel, Mariusz"]
[Black "Bokiej, Przemyslaw"]
[Result "1/2-1/2"]
[WhiteElo "2090"]
[BlackElo "2189"]
[EventDate "2012.09.01"]

1.e4 e6 2.d4 d5 3.Nc3 Bb4 4.Ne2 dxe4 5.a3 Bxc3+ 6.Nxc3 Nc6 7.Bb5 Ne7 8.O-O
O-O 9.Bg5 f6 10.Be3 f5 11.Qd2 a6 12.Ba4 Na5 13.Bg5 b5 14.b4 Nc4 15.Qe2 Bb7
16.Bb3 Bd5 17.f3 exf3 18.gxf3 Re8 19.Rae1 h6 20.Bc1 Nb6 21.Nxd5 Nexd5 22.
Qg2 Qf6 23.Kh1 c6 24.Rg1 Ra7 25.Qh3 Kh7 26.Qh5 Qf7 27.Qh4 Rae7 28.Rg2 f4 
29.c4 Nxc4 30.Bc2+ Kh8 31.Bg6 Qf8 32.Bxe8 Rxe8 33.Rg6 Nce3 34.Reg1 Re7 35.
Qh3 Qf5 36.Qh4 Qf8 37.Qh5 Kh7 38.Qe5 Qg8 39.Bxe3 fxe3 40.Qe4 Kh8 41.Qe5 
Kh7 42.Qe4 Kh8 43.R1g3 Qf7 44.Qe5 Kh7 45.h4 Qxg6 46.Rxg6 Kxg6 47.h5+ Kf7 
48.Kg1 g6 49.hxg6+ Kxg6 50.Kf1 h5 51.Ke2 h4 52.Qe4+ Kf7 53.Qxh4 Ke8 54.
Qh8+ Kd7 55.Qg8 Re8 56.Qh7+ 1/2-1/2